000 00600nam a2200229Ia 4500
003 OSt
005 20221007065005.0
006 a|||||r|||| 00| 0
007 ta
008 221006b |||||||| |||| 00| 0 eng d
024 _a21,611
037 _cTextual
040 _aFLL
_cFLL
_beng
041 _2eng
_aeng
082 _aX:7295:Z2qN62, L1
100 _aBeotra B.R. Au.
245 0 _aCustoms act,1962
260 _aDelhi
_bSardar Book Comp. India
_c1971
300 _a631p
_ccm.
942 _hX:7295:Z2qN62, L1
_cTEXL
_2CC
999 _c1135957
_d1135957